[Event "El Prat de Llobregat op 3rd"]
[Site "El Prat de Llobregat"]
[Date "2022.11.11"]
[Round "7"]
[White "Miralles Brugues, Jordi"]
[Black "Zinkl, Thomas"]
[Result "0-1"]
[WhiteElo "1986"]
[BlackElo "1700"]
[PlyCount "46"]
[EventDate "2022.09.30"]
[EventType "swiss"]
[EventRounds "9"]
[EventCountry "ESP"]
[SourceTitle "EXT 2024"]
[Source "ChessBase"]
[SourceDate "2023.10.10"]
[SourceVersion "1"]
[SourceVersionDate "2023.10.10"]
[SourceQuality "1"]

1. d4 d5 2. Bf4 c5 3. e3 cxd4 4. exd4 Nc6 5. c3 f6 6. Bd3 g6 7. Qe2 Bg7 8. Nf3 Bg4 9. h3 Bxf3 10. Qxf3 e5 11. Bg3 exd4 12. 0-0 Nge7 13. cxd4 0-0 14. Qe3 Qb6 15. Nc3 Qxd4 16. Qe6+ Rf7 17. Bc2 Qc5 18. Bd6 Qb6 19. Bb3 Nd4 20. Nxd5 Nxd5 21. Qxd5 Nxb3 22. axb3 Rd8 23. Rfd1 Bf8 0-1

[Event "El Prat de Llobregat op 3rd"]
[Site "El Prat de Llobregat"]
[Date "2022.11.04"]
[Round "6"]
[White "Sanz Prat, Javier"]
[Black "Miralles Brugues, Jordi"]
[Result "0-1"]
[WhiteElo "1419"]
[BlackElo "1986"]
[PlyCount "75"]
[EventDate "2022.09.30"]
[EventType "swiss"]
[EventRounds "9"]
[EventCountry "ESP"]
[SourceTitle "EXT 2024"]
[Source "ChessBase"]
[SourceDate "2023.10.10"]
[SourceVersion "1"]
[SourceVersionDate "2023.10.10"]
[SourceQuality "1"]

1. d4 d5 2. Nf3 Nf6 3. e3 Bf5 4. Bd3 e6 5. Ne5 Nbd7 6. b3 Ne4 7. Nd2 Qg5 8. Qf3 Nxe5 9. dxe5 Nxd2 10. Bxd2 Bxd3 11. cxd3 Qxe5 12. 0-0 Bd6 13. g3 Qb2 14. Rfd1 0-0 15. e4 c6 16. Qg4 f5 17. Qh4 fxe4 18. dxe4 Bc5 19. Be3 Bxe3 20. fxe3 Qf2+ 21. Kh1 Qf3+ 22. Kg1 Qxe3+ 23. Kg2 Qe2+ 24. Kg1 Rf6 25. g4 Qe3+ 26. Kg2 Qxe4+ 27. Kg1 Qe3+ 28. Kg2 Qe2+ 29. Kg1 Raf8 30. Re1 Qb2 31. Rad1 e5 32. Rf1 Rxf1+ 33. Rxf1 Qd4+ 34. Kg2 Qe4+ 35. Kg1 Qe3+ 36. Rf2 Rxf2 37. Qxf2 Qxf2+ 38. Kxf2 0-1

[Event "Miquel Mas op 20th"]
[Site "Castell de Sant Ferran"]
[Date "2019.08.15"]
[Round "4"]
[White "Miralles Brugues, Jordi"]
[Black "Guzman Maglaya, Noli"]
[Result "1-0"]
[WhiteElo "1976"]
[BlackElo "1830"]
[PlyCount "25"]
[EventDate "2019.08.13"]
[EventType "swiss"]
[EventRounds "9"]
[EventCountry "ESP"]
[SourceTitle "EXT 2020"]
[Source "ChessBase"]
[SourceDate "2019.10.17"]
[SourceVersion "1"]
[SourceVersionDate "2019.10.17"]
[SourceQuality "1"]

1. d4 Nf6 2. Bg5 Ne4 3. Bh4 g5 4. f3 gxh4 5. fxe4 e6 6. e3 c5 7. Bc4 Qb6 8. Bb3 Nc6 9. Nf3 cxd4 10. exd4 Rg8 11. c3 Rxg2 12. Nbd2 Bh6 13. Nc4 1-0

[Event "L'Estartit Baix Ter U2200"]
[Site "L'Estartit"]
[Date "2018.09.01"]
[Round "3.4"]
[White "Miralles Brugues, Jordi"]
[Black "Fernandez Madrid, Carlos"]
[Result "1/2-1/2"]
[WhiteElo "2010"]
[BlackElo "2078"]
[PlyCount "29"]
[EventDate "2018.09.01"]
[EventType "swiss"]
[EventRounds "6"]
[EventCountry "ESP"]
[SourceTitle "EXT 2024"]
[Source "ChessBase"]
[SourceDate "2023.10.10"]
[SourceVersion "1"]
[SourceVersionDate "2023.10.10"]
[SourceQuality "1"]

1. d4 d6 2. Bf4 Nf6 3. e3 g6 4. Nf3 Nh5 5. Bg5 h6 6. Bh4 g5 7. Nfd2 Ng7 8. Bg3 Nf5 9. Be2 Nxg3 10. hxg3 Bg7 11. c3 c5 12. Qb3 Qb6 13. Nc4 Qxb3 14. axb3 Nd7 15. Bf3 1/2-1/2

[Event "Barcelona Sant Marti op-A 20th"]
[Site "Barcelona"]
[Date "2018.07.20"]
[Round "8"]
[White "Miralles Brugues, Jordi"]
[Black "Varela Cuadrado, Cesar M"]
[Result "1-0"]
[WhiteElo "2011"]
[BlackElo "1856"]
[PlyCount "83"]
[EventDate "2018.07.13"]
[EventType "swiss"]
[EventRounds "9"]
[EventCountry "ESP"]
[SourceTitle "CBM 185 Extra"]
[Source "ChessBase"]
[SourceDate "2018.07.29"]
[SourceVersion "1"]
[SourceVersionDate "2018.07.29"]
[SourceQuality "1"]

1. d4 Nf6 2. Bf4 g6 3. e3 Bg7 4. Nf3 d6 5. Be2 Nh5 6. Bg5 h6 7. Bh4 g5 8. Nfd2 gxh4 9. Bxh5 e5 10. c3 0-0 11. Qb3 Qg5 12. Bf3 c6 13. Nc4 exd4 14. cxd4 Qe7 15. Nc3 d5 16. Qa3 Qd8 17. Nd6 Be6 18. Nxb7 Qc8 19. Nc5 Bf5 20. Ne2 Nd7 21. Nxd7 Qxd7 22. Rc1 Rfe8 23. Qa4 Rec8 24. Nf4 Bf8 25. 0-0 Rab8 26. b3 Rb4 27. Qa6 Rb6 28. Qe2 a5 29. h3 a4 30. bxa4 Ba3 31. Rc3 Rb2 32. Qd1 Bb4 33. Rb3 Rd2 34. Qc1 Rc2 35. Qa1 Bc3 36. Rxc3 Rxc3 37. Qxc3 Rb8 38. Rc1 Rb1 39. Rxb1 Bxb1 40. Qb2 Bf5 41. Qb8+ Kh7 42. Qe5 1-0

[Event "Barcelona Sant Marti op-A 20th"]
[Site "Barcelona"]
[Date "2018.07.19"]
[Round "7"]
[White "Cabot Muntane, Jordi"]
[Black "Miralles Brugues, Jordi"]
[Result "0-1"]
[WhiteElo "1933"]
[BlackElo "2011"]
[PlyCount "52"]
[EventDate "2018.07.13"]
[EventType "swiss"]
[EventRounds "9"]
[EventCountry "ESP"]
[SourceTitle "CBM 185 Extra"]
[Source "ChessBase"]
[SourceDate "2018.07.29"]
[SourceVersion "1"]
[SourceVersionDate "2018.07.29"]
[SourceQuality "1"]

1. d4 d5 2. Nf3 Nf6 3. Bf4 c5 4. e3 Qb6 5. Nc3 a6 6. Rb1 cxd4 7. exd4 Nc6 8. Be2 Bg4 9. Be3 e6 10. 0-0 Bd6 11. a3 0-0 12. h3 Bh5 13. b4 Qc7 14. Na4 b6 15. Nb2 Ne4 16. Qe1 Ne7 17. c4 dxc4 18. Nxc4 Nd5 19. Rc1 Nxe3 20. fxe3 Bg3 21. Qd1 Rac8 22. Nfd2 Bh2+ 23. Kh1 Ng3+ 24. Kxh2 Bxe2 25. Qe1 Nxf1+ 26. Kg1 Nxd2 0-1

[Event "Barcelona Primavera La Lira op 11th"]
[Site "Barcelona"]
[Date "2018.05.10"]
[Round "5"]
[White "Hernandez Funes, Ruben"]
[Black "Miralles Brugues, Jordi"]
[Result "1-0"]
[WhiteElo "2195"]
[BlackElo "2035"]
[PlyCount "57"]
[EventDate "2018.04.12"]
[EventType "swiss"]
[EventRounds "9"]
[EventCountry "ESP"]
[SourceTitle "CBM 184 Extra"]
[Source "ChessBase"]
[SourceDate "2018.06.28"]
[SourceVersion "1"]
[SourceVersionDate "2018.06.28"]
[SourceQuality "1"]

1. d4 Nf6 2. c4 c5 3. d5 b5 4. cxb5 a6 5. b6 Qxb6 6. Nc3 d6 7. Nf3 Qb7 8. e4 Bg4 9. Qa4+ Nbd7 10. Nd2 e5 11. Nc4 Be7 12. f3 Bh5 13. Na5 Qb4 14. Nc6 Qxa4 15. Nxa4 Bd8 16. Bd2 Nb6 17. b3 0-0 18. Nxd8 Nxa4 19. Nb7 Rfb8 20. Nxd6 Nb6 21. Bd3 Nfd7 22. Ke2 Nc8 23. Nc4 Ncb6 24. Na5 f5 25. Rhc1 fxe4 26. Bxe4 Bf7 27. Nc6 Rb7 28. d6 Bd5 29. Ne7+ 1-0

[Event "Cornella Pinol Memorial 5th"]
[Site "Cornella de Llobregat"]
[Date "2017.11.20"]
[Round "9"]
[White "Garcia Riera, Josep"]
[Black "Miralles Brugues, Jordi"]
[Result "0-1"]
[WhiteElo "1962"]
[BlackElo "2037"]
[PlyCount "104"]
[EventDate "2017.09.25"]
[EventType "swiss"]
[EventRounds "9"]
[EventCountry "ESP"]
[SourceTitle "CBM 181 Extra"]
[Source "ChessBase"]
[SourceDate "2017.12.12"]
[SourceVersion "1"]
[SourceVersionDate "2017.12.12"]
[SourceQuality "1"]

1. d4 Nf6 2. c4 c5 3. d5 b5 4. cxb5 a6 5. e3 d6 6. Nc3 g6 7. Nf3 Bg7 8. a4 0-0 9. e4 Nbd7 10. Be2 axb5 11. Bxb5 Ba6 12. Bd2 Bxb5 13. axb5 Qb6 14. 0-0 Ng4 15. Qe2 Rfb8 16. h3 Nge5 17. Nxe5 Bxe5 18. Bg5 Nf6 19. g4 Ra5 20. Rfb1 Kg7 21. Bd2 Ne8 22. Qe1 Rxa1 23. Rxa1 Nc7 24. Ra3 Nxb5 25. Rb3 Qa6 26. Qf1 Bxc3 27. Bxc3+ f6 28. Ra3 Qc8 29. Rb3 Nxc3 30. Rxb8 Ne2+ 31. Qxe2 Qxb8 32. Kg2 Qb4 33. f3 Qd4 34. Kg3 Qg1+ 35. Qg2 Qc1 36. h4 Kf7 37. Qe2 Qg1+ 38. Kh3 Qd4 39. Kg3 Qe5+ 40. Kg2 f5 41. gxf5 gxf5 42. Qd2 fxe4 43. fxe4 Qxe4+ 44. Kg3 Qe5+ 45. Kg4 Qe4+ 46. Kg3 Qf5 47. Qd1 Kf6 48. Qd2 Ke5 49. b3 Qe4 50. Qg5+ Kd4 51. h5 Qe5+ 52. Kg4 Kxd5 0-1

[Event "Sitges op 31st"]
[Site "Sitges"]
[Date "2005.07.??"]
[Round "5"]
[White "Campos Moreno, Javier B"]
[Black "Miralles Brugues, Jordi"]
[Result "1-0"]
[WhiteElo "2443"]
[BlackElo "2194"]
[PlyCount "75"]
[EventDate "2005.07.??"]
[EventType "swiss"]
[EventRounds "9"]
[EventCountry "ESP"]
[SourceTitle "EXT 2006"]
[Source "ChessBase"]
[SourceDate "2005.11.24"]
[SourceVersion "1"]
[SourceVersionDate "2005.11.24"]
[SourceQuality "1"]

1. d4 Nf6 2. c4 c5 3. d5 b5 4. Nf3 d6 5. cxb5 a6 6. e3 g6 7. Nc3 Bg7 8. a4 0-0 9. e4 Nbd7 10. Be2 axb5 11. Bxb5 Ba6 12. Nd2 Ne8 13. Ra3 Nc7 14. Bxa6 Rxa6 15. 0-0 Qa8 16. Qc2 Bxc3 17. Rxc3 Rxa4 18. Rh3 Nb5 19. Nf3 f6 20. Rg3 Ne5 21. Nxe5 fxe5 22. Be3 Ra1 23. Qe2 Rxf1+ 24. Qxf1 Qa4 25. h4 Nd4 26. h5 Kg7 27. Bg5 Qc2 28. Re3 Rf7 29. h6+ Kg8 30. Bh4 Qxb2 31. Qa6 Qb8 32. f3 Qf8 33. Bg5 e6 34. Qc4 Qc8 35. Ra3 exd5 36. Qxd5 Qe6 37. Ra8+ Rf8 38. Be7 1-0

[Event "Vila de Poblenou op"]
[Site "Barcelona"]
[Date "2001.08.24"]
[Round "9.4"]
[White "Belezky, Alexander"]
[Black "Miralles Brugues, Jordi"]
[Result "1-0"]
[WhiteElo "2398"]
[BlackElo "2250"]
[PlyCount "91"]
[EventDate "2001.08.16"]
[EventType "swiss"]
[EventRounds "9"]
[EventCountry "ESP"]
[SourceTitle "EXT 2002"]
[Source "ChessBase"]
[SourceDate "2001.11.25"]
[SourceVersion "1"]
[SourceVersionDate "2001.11.25"]
[SourceQuality "1"]

1. Nf3 c5 2. b3 d6 3. Bb2 e5 4. e4 g6 5. Bc4 Bg7 6. Nc3 Nc6 7. h3 a6 8. a4 Rb8 9. d3 Nge7 10. 0-0 0-0 11. Nd2 Kh8 12. Bd5 b5 13. axb5 axb5 14. Bxc6 Nxc6 15. Nd5 Be6 16. Ne3 d5 17. exd5 Bxd5 18. Nxd5 Qxd5 19. Re1 f5 20. Bc3 Ra8 21. Nf1 Nd4 22. Bxd4 Qxd4 23. Rxa8 Rxa8 24. Qf3 Ra2 25. Qc6 h6 26. Qxg6 Rxc2 27. Ne3 Rd2 28. Rf1 Qxd3 29. Nxf5 Qd7 30. Nxh6 Rd1 31. Rxd1 Qxd1+ 32. Kh2 Qd2 33. Ng4 c4 34. bxc4 bxc4 35. h4 c3 36. h5 c2 37. Qe8+ Kh7 38. Qg6+ Kh8 39. h6 Qf4+ 40. Kh3 Qxh6+ 41. Nxh6 c1Q 42. Nf5 Qc3+ 43. Qg3 Qxg3+ 44. Kxg3 Bf8 45. Kg4 Kg8 46. Ne3 1-0

[Event "Vila de Poblenou op"]
[Site "Barcelona"]
[Date "2001.08.19"]
[Round "4.18"]
[White "Miralles Brugues, Jordi"]
[Black "Rios Torondell, Jaume"]
[Result "1/2-1/2"]
[WhiteElo "2250"]
[BlackElo "2150"]
[PlyCount "116"]
[EventDate "2001.08.16"]
[EventType "swiss"]
[EventRounds "9"]
[EventCountry "ESP"]
[SourceTitle "EXT 2002"]
[Source "ChessBase"]
[SourceDate "2001.11.25"]
[SourceVersion "1"]
[SourceVersionDate "2001.11.25"]
[SourceQuality "1"]

1. e4 e6 2. d4 d5 3. Nc3 Bb4 4. e5 c5 5. Bd2 Bd7 6. Nb5 Bxd2+ 7. Qxd2 Bxb5 8. Bxb5+ Nd7 9. dxc5 Ne7 10. f4 0-0 11. b4 b6 12. cxb6 Nxb6 13. Nf3 Rc8 14. Bd3 Qc7 15. 0-0 Nc4 16. Qf2 Qb6 17. Qxb6 Nxb6 18. Nd4 Nc6 19. Nxc6 Rxc6 20. a4 Nc4 21. Rfb1 Ne3 22. b5 Rc4 23. a5 Nxc2 24. Bxc2 Rxc2 25. b6 axb6 26. axb6 Rcc8 27. b7 Rb8 28. Ra7 g6 29. Kf2 Rfd8 30. Ke3 Kf8 31. Kd4 Ke7 32. Rb4 Rd7 33. Kc5 Kd8 34. Kb6 Rc7 35. g4 Kd7 36. f5 Rc6+ 37. Ka5 Rc5+ 38. Ka4 Rc1 39. fxe6+ fxe6 40. Ra6 Ra1+ 41. Kb5 Rxb7+ 42. Rb6 Rxb6+ 43. Kxb6 Rc1 44. g5 Rc4 45. Rb3 Rh4 46. Ra3 Rb4+ 47. Kc5 Rc4+ 48. Kb6 Rc8 49. Ra7+ Rc7 50. Ra8 d4 51. Ra4 Rc2 52. Rxd4+ Ke7 53. Rh4 Re2 54. Rxh7+ Kf8 55. Kc6 Rxe5 56. h4 Rd5 57. Kb7 Rd4 58. Rh8+ Kf7 1/2-1/2

[Event "Barcelona Sants op 03rd"]
[Site "Barcelona"]
[Date "2001.??.??"]
[Round "?"]
[White "Miralles Brugues, Jordi"]
[Black "Pujol Clua, Ramon"]
[Result "0-1"]
[WhiteElo "2250"]
[BlackElo "2015"]
[PlyCount "47"]
[EventDate "2001.08.??"]
[EventType "swiss"]
[EventRounds "9"]
[EventCountry "ESP"]
[SourceTitle "EXT 2005"]
[Source "ChessBase"]
[SourceDate "2004.11.15"]
[SourceVersion "1"]
[SourceVersionDate "2004.11.15"]
[SourceQuality "1"]

1. e4 c5 2. Nc3 Nc6 3. Nge2 e5 4. d3 d6 5. f4 Be7 6. g3 Nf6 7. Bg2 h5 8. Nd5 h4 9. Nxf6+ Bxf6 10. Be3 hxg3 11. hxg3 Rxh1+ 12. Bxh1 Bg4 13. c3 Qd7 14. Qd2 0-0-0 15. 0-0-0 Rh8 16. Rf1 Rh2 17. Bf3 Bxf3 18. Rxf3 Qg4 19. Rf2 Rh1+ 20. Kc2 b6 21. d4 exd4 22. cxd4 Nb4+ 23. Kb3 Qe6+ 24. Ka3 0-1

[Event "ESP-chT Div 2"]
[Site "Cala Galdana"]
[Date "1999.11.16"]
[Round "9"]
[White "Miralles Brugues, Jordi"]
[Black "Pons Morro, Pedro"]
[Result "0-1"]
[WhiteElo "2249"]
[BlackElo "2254"]
[PlyCount "86"]
[EventDate "1999.11.08"]
[EventType "team-tourn"]
[EventRounds "9"]
[EventCountry "ESP"]
[SourceTitle "EXT 2002"]
[Source "ChessBase"]
[SourceDate "2001.11.25"]
[SourceVersion "1"]
[SourceVersionDate "2001.11.25"]
[SourceQuality "1"]

1. e4 e5 2. Nf3 Nc6 3. Bb5 a6 4. Bxc6 dxc6 5. d4 exd4 6. Qxd4 Qxd4 7. Nxd4 Nf6 8. f3 Bd7 9. Be3 0-0-0 10. Nd2 Be7 11. 0-0-0 Rhe8 12. Rhe1 h5 13. Nc4 c5 14. Nb3 b6 15. Ne5 Be6 16. Rxd8+ Rxd8 17. Nc6 Re8 18. Nxe7+ Rxe7 19. Bg5 Re8 20. Bxf6 gxf6 21. g3 Kb7 22. Rd1 a5 23. Nd2 a4 24. b3 Ra8 25. Nb1 b5 26. bxa4 b4 27. Kb2 c4 28. a3 c3+ 29. Kc1 Rxa4 30. Rd3 bxa3 31. Nxc3 a2 32. Nxa2 Rxa2 33. f4 f5 34. e5 Ra1+ 35. Kb2 Rh1 36. Rd2 c5 37. Kc3 Kc6 38. Kd3 Re1 39. c3 Bd5 40. Rb2 Be4+ 41. Kd2 Rf1 42. Ke2 Rf3 43. Rb3 h4 0-1

[Event "Martorell op-A"]
[Site "Martorell"]
[Date "1997.??.??"]
[Round "5"]
[White "Miralles Brugues, Jordi"]
[Black "Lopez Agustench, Eduard"]
[Result "0-1"]
[WhiteElo "2165"]
[BlackElo "2350"]
[PlyCount "60"]
[EventDate "1997.09.??"]
[EventType "swiss"]
[EventRounds "9"]
[EventCountry "ESP"]
[SourceTitle "EXT 2003"]
[Source "ChessBase"]
[SourceDate "2002.11.25"]
[SourceVersion "1"]
[SourceVersionDate "2002.11.25"]
[SourceQuality "1"]

1. e4 Nf6 2. e5 Nd5 3. d4 d6 4. Nf3 Bg4 5. c4 Nb6 6. Be2 dxe5 7. c5 N6d7 8. Nxe5 Bxe2 9. Kxe2 Nxe5 10. dxe5 Nc6 11. f4 Qd4 12. Qxd4 Nxd4+ 13. Kd3 0-0-0 14. Kc3 Ne2+ 15. Kc2 Nxc1 16. Rxc1 Rd5 17. Kb3 e6 18. Nc3 Rxc5 19. Ne4 Rb5+ 20. Kc4 Rxb2 21. g3 h6 22. h3 Be7 23. Rd1 Rd8 24. Rxd8+ Kxd8 25. Rd1+ Kc8 26. Nc3 Rb4+ 27. Kd3 Bc5 28. Ne2 Ra4 29. Rd2 Ra3+ 30. Kc4 Bf2 0-1